00450 a2200157 4500010001400000020002300014035001300037037001500050082001400065100002000079245004800099260004400147270004700191300003400238500002000272 aENG-86535 a8120328981c295.00 aEN-70068 bDBAD / PUB14a620.001511 aGangadharan, A.1 aEngineering mathematics cby A. Gangadharan aNew DelhibPrentice Hall of Indiac2006 aM-97, Connaught CircusbNew Delhie110 001 aV.1 (xii, 528 p.)c24cm (Pbk) aincludes index